| 000 | 00861nam a2200277 a 4500 | ||
|---|---|---|---|
| 001 | 000023970 | ||
| 005 | 20260120073950.0 | ||
| 008 | 110117nuuuuuuuuve a 000 0 spa d | ||
| 020 | _a9803008382 | ||
| 040 |
_aDO-SdBNP _bspa _cBNPHU |
||
| 082 |
_a181.45 _bB575p |
||
| 100 | 1 |
_aBhat, Krishna _949304 |
|
| 245 | 1 | 3 |
_aEl poder del yoga : _bel yoga auténtico y la salud personal / _cKrishna Bhat ; prólogo de keshava Bhat. |
| 260 |
_aCaracas : _bTexto Eche, _c[s.f.]. |
||
| 300 |
_a220 p. : _bil. ; _c23 cm. |
||
| 490 | 1 | _aVivir mejor | |
| 504 | _aIncluye referencias bibliográficas y notas al pie de las páginas. | ||
| 650 | 4 |
_aYoga _9685 |
|
| 650 | 4 |
_aYogoterapia _91935 |
|
| 650 | 4 |
_aAutocontrol _9853 |
|
| 650 | 0 |
_aVida espiritual _9268 |
|
| 700 | 1 |
_aBhat, Keshava, _epról. _949305 |
|
| 830 | 0 |
_aVivir mejor _949306 |
|
| 910 | _aWM | ||
| 049 | _aBNGR | ||
| 999 |
_c23465 _d23465 |
||